000
00308nam a2200109 a 4500
005
20140414093829.0
008
970101s19uu xx 00 eng d
050
_a
VHS 800
_b
R 06
245
_a
Galit sa basura/EMB/DECS/ADB(25 mins.) :
_b
hiwalay kung hiwalay (NCUT 33 mins.).
942
_c
AVM
999
_c
108571
_d
108571